Thiết kế sáng tạo trân máy vi tính

保存先:
書誌詳細
第一著者: CHRISTOPHER LUMGAIR
フォーマット: 図書
言語:Undetermined
出版事項: Thống kê 2001
タグ: タグ追加
タグなし, このレコードへの初めてのタグを付けませんか!
Thư viện lưu trữ: Trung tâm Học liệu Trường Đại học Cần Thơ
LEADER 00469nam a2200145Ia 4500
001 CTU_48497
008 210402s9999 xx 000 0 und d
082 |a 621.39 
082 |b L957 
100 |a CHRISTOPHER LUMGAIR 
245 0 |a Thiết kế sáng tạo trân máy vi tính 
245 0 |c CHRISTOPHER LUMGAIR, CHRISTOPHER LUMGAR; Dịch giả: Nhân Văn 
260 |b Thống kê 
260 |c 2001 
980 |a Trung tâm Học liệu Trường Đại học Cần Thơ